[Event "Valles Occidental-ch U10 qual"]
[Site "Sabadell"]
[Date "2012.02.25"]
[Round "5.4"]
[White "Fernandez Arroyo, Andrea"]
[Black "Canamero Rodriguez, Ivan"]
[Result "1-0"]
[WhiteElo "1722"]
[BlackElo "1700"]
[PlyCount "87"]
[EventDate "2012.01.28"]
[EventType "swiss"]
[EventRounds "6"]
[EventCountry "ESP"]
[SourceTitle "EXT 2024"]
[Source "ChessBase"]
[SourceDate "2023.10.10"]
[SourceVersion "1"]
[SourceVersionDate "2023.10.10"]
[SourceQuality "1"]

1. e4 e5 2. Nf3 Nc6 3. d4 d6 4. dxe5 dxe5 5. Qxd8+ Kxd8 6. Bc4 Be6 7. Bxe6 fxe6 8. 0-0 Nd4 9. Nxd4 exd4 10. Rd1 e5 11. c3 c5 12. b4 b6 13. Bg5+ Be7 14. Bxe7+ Nxe7 15. Na3 Ke8 16. cxd4 cxd4 17. Rf1 Rd8 18. h3 a5 19. bxa5 bxa5 20. Rab1 Ng6 21. Rb5 h5 22. Rc5 Rh6 23. Rxa5 Kf7 24. Rb1 Rc8 25. Rb7+ Kf8 26. Rab5 Rh8 27. Rb8 Ke7 28. Rxc8 Rxc8 29. Rb3 Ke6 30. Rg3 d3 31. Rxg6+ Ke7 32. Rxg7+ Kf6 33. Rg3 d2 34. Kh2 d1Q 35. Rb3 Qd6 36. Kg1 Qd4 37. Rf3+ Ke6 38. Nb5 Qd1+ 39. Kh2 Rb8 40. Nc7+ Kd6 41. Rf7 h4 42. a4 Qd4 43. Nb5+ Kc5 44. Nxd4 1-0